000
00233nam a22001097a 4500
082
_a
808.3 MAU'I
100
_a
MAURIOR, DAPHNE DU
_9
79456
245
_a
JAMAICA INN
260
_a
NEWYORK
_b
POCKET
_c
1970
300
_a
246P
942
_c
BK
999
_c
584497
_d
584497